|
|
|
|
| LEADER |
00000nam a2200000 a 4500 |
| 001 |
vtls001417417 |
| 003 |
SK-MaSNL |
| 005 |
20260301072218.0 |
| 008 |
251113s1999 FR r 0 fre |
| 020 |
|
|
|a 2130498981
|c [890,00]
|
| 035 |
|
|
|a SNK000372198
|
| 040 |
|
|
|a SNK
|b slo
|c SNK
|e AACR2
|
| 044 |
|
|
|a FR
|
| 080 |
|
|
|a 82(091)(100)(=40)
|2 1981
|
| 100 |
1 |
|
|a Moura, Jean-Marc
|4 aut
|9 391267
|
| 245 |
1 |
|
|a Littératures francophones et théorie postcoloniale
|c Jean-Marc Moura
|
| 260 |
|
|
|a Paris
|b Presses Universitaires de France
|c 1999
|
| 300 |
|
|
|a viii, 174 s.
|c 22 cm
|
| 490 |
1 |
|
|a critures francophones
|
| 650 |
0 |
7 |
|a literatúra francúzska
|x krajiny postkoloniálne
|x implantácia
|x vývoj
|x štúdie
|2 SNK
|9 391268
|
| 830 |
|
0 |
|a critures francophones
|9 391269
|
| 919 |
|
|
|a 2-13-049898-1
|
| 999 |
|
|
|c 640347
|d 642277
|
| 952 |
|
|
|t snkMOU 840
|a SNKUST
|b SNKUST
|y PREZ
|7 0
|p 17A0310772
|o snkIC 129579
|i snkV 1141/2001
|0 0
|1 0
|4 0
|d 2001-08-02
|l 0
|r 2025-04-29 00:00:00
|w 2026-02-23
|